| 000 | 00000nam 2200000za 4500 |
| 001 | 9.700365 |
| 003 | CaOODSP |
| 005 | 20221107134537 |
| 007 | cr ||||||||||| |
| 008 | 150407s1997||||oncab|||ob f000 0 eng d |
| 040 | |aCaOODSP|beng |
| 043 | |an-cn--- |
| 086 | 1 |aCP32-65/1997E-PDF|zCP32-65/1997-1E-PDF|zCP32-65/1997-2E-PDF|zCP32-65/1997-3E-PDF|zCP32-65/1997-4E-PDF|zCP32-65/1997-5E-PDF|zCP32-66/1997E-PDF |
| 110 | 1 |aCanada. |bCommission of Inquiry into the Deployment of Canadian Forces to Somalia. |
| 245 | 10|aDishonoured legacy |h[electronic resource] : |bthe lessons of the Somalia Affair : report of the Commission of Inquiry into the Deployment of Canadian Forces to Somalia. |
| 246 | 30|aReport of the Commission of Inquiry into the Deployment of Canadian Forces to Somalia |
| 260 | |a[Ottawa] : |bCommission of Inquiry into the Deployment of Canadian Forces to Somalia, |c1997. |
| 300 | |a5 v. : |bill. (some col.), col. maps ; + |eexecutive summary |
| 500 | |aIssued also in French under title: Un héritage déshonoré, les leçons de l'affaire somalienne. |
| 500 | |aDigitized copy from print [produced by PCO?]. |
| 504 | |aIncludes bibliographical references. |
| 530 | |aIssued also in print. |
| 590 | |a15-03-Supp|b2015-03-13 |
| 692 | 07|2gccst|aArmed forces |
| 692 | 07|2gccst|aCommissions of inquiry |
| 775 | 08|tUn héritage déshonoré |w(CaOODSP)9.644263 |
| 776 | 0#|tDishonoured legacy: the lessons of the Somalia Affair : |w(CaOODSP)9.646634 |
| 856 | 40|ahttp://publications.gc.ca|qPDF|s210.87 MB|uhttps://publications.gc.ca/collections/collection_2015/bcp-pco/CP32-65-1997-1-eng.pdf|zVol. 1 |
| 856 | 40|ahttp://publications.gc.ca|qPDF|s201.39 MB|uhttps://publications.gc.ca/collections/collection_2015/bcp-pco/CP32-65-1997-2-eng.pdf|zVol. 2 |
| 856 | 40|ahttp://publications.gc.ca|qPDF|s147.07|uhttps://publications.gc.ca/collections/collection_2015/bcp-pco/CP32-65-1997-3-eng.pdf|zVol. 3 |
| 856 | 40|ahttp://publications.gc.ca|qPDF|s55.51 MB|uhttps://publications.gc.ca/collections/collection_2015/bcp-pco/CP32-65-1997-4-eng.pdf|zVol. 4 |
| 856 | 40|ahttp://publications.gc.ca|qPDF|s277.21 MB|uhttps://publications.gc.ca/collections/collection_2015/bcp-pco/CP32-65-1997-5-eng.pdf|zVol. 5 |
| 856 | 40|ahttp://publications.gc.ca|qPDF|s42.13 MB|uhttps://publications.gc.ca/collections/collection_2015/bcp-pco/CP32-66-1997-eng.pdf|zExecutive summary |